|
|
|
|
| LEADER |
00000nab a2200000 a 4500 |
| 001 |
vtls000788795 |
| 003 |
SK-MaSNL |
| 005 |
20260518034012.0 |
| 008 |
250429c2001 xo 0 slo |
| 015 |
|
|
|a SNBRB2002/04-11342
|
| 035 |
|
|
|a CLN000140450
|
| 035 |
|
|
|a urn:nbn:sk:snk-abbv7u
|
| 035 |
|
|
|a (urnnbn)urn:nbn:sk:snk:ar-006frd
|
| 035 |
|
|
|a (uuid)3a523385-ca73-4af7-8efe-d24d6f63131b
|
| 040 |
|
|
|a SNKBUCL
|b slo
|c SNKBUCL
|e AACR2
|
| 041 |
0 |
|
|a slo
|
| 044 |
|
|
|a xo
|c SK
|
| 080 |
|
|
|a 884-1
|2 1997
|
| 100 |
1 |
|
|a Siwczyk, Krzysztof,
|d 1977-
|4 aut
|9 915877
|
| 245 |
1 |
0 |
|a [Básne]
|c Krzysztof Siwczyk ; preložil Karol Chmel
|
| 300 |
|
|
|b Fotogr.
|
| 505 |
0 |
|
|a Obsahuje 21 básní
|
| 650 |
0 |
7 |
|a reflexívne básne, poľské
|2 snkbucl
|9 73160
|
| 650 |
0 |
7 |
|a lyrické básne, poľské
|2 snkbucl
|9 14437
|
| 655 |
|
7 |
|a články z novín a časopisov
|2 snkbucl
|9 267496
|
| 700 |
1 |
|
|a Chmel, Karol,
|d 1953-2026
|4 trl
|9 105159
|
| 773 |
0 |
|
|t Revue svetovej literatúry
|g Roč. 37, č. 4 (2001), s. 95-100
|
| 850 |
|
|
|a Slovenská národná knižnica
|
| 852 |
|
|
|a Slovenská národná knižnica
|
| 958 |
|
|
|a article15
|
| 958 |
|
|
|a LX
|
| 958 |
|
|
|a PL
|
| 958 |
|
|
|a OND
|
| 958 |
|
|
|a EUIPO
|
| 992 |
|
|
|a RBX
|
| 999 |
|
|
|c 2853094
|d 2855024
|